000 00351 a2200097 4500
100 1 _aOberhettinger, Fritz.
_eAutor
700 1 _aNikulina, M.S..
_eTłumacz
245 0 _aPreobrazovanija Fur'e raspredelenij i ich obrascenija :
_bTablicy /
_cOberhettinger Fritz, Nikulina M.S..
710 2 _aNauka.
_eWydawca
_4pbl
260 _aMoskva :
_bNauka,
_c1979.
300 _a247 s.;
_c24 cm.
999 _c9710
_d9710